| 000 | 00737nam a22002057a 4500 | ||
|---|---|---|---|
| 999 |
_c178151 _d178151 |
||
| 005 | 20210318165844.0 | ||
| 010 | _aENG-129248 | ||
| 020 |
_a9788194738855 _c750.00 |
||
| 035 | _aEN-112780 | ||
| 037 | _bDBAD/PUB | ||
| 082 | _a600 | ||
| 245 |
_aRecent Challenges in Science, Engineering and Technology/ _cedited by S. Kannadhasan, R. Nagarajan, and M. Shanmuganantham |
||
| 260 |
_bKrishna Publication House _aGujarat _c2021 |
||
| 270 |
_aNo. 303, Yash Kunj Apartment, Devbaug, Anantwadi, Bhavnagar _bGujarat _e364002 |
||
| 300 |
_avi+246p. _c22cm(pbk) _bIncludes Illustrations |
||
| 700 | _aKannadhasan, S. ed. | ||
| 700 | _aNagarajan, R. ed. | ||
| 700 | _aShanmuganantham, M. ed. | ||
| 942 |
_2ddc _cEN _h600 _mREC |
||